| 000 | 00965nam0a22003251 4500 | ||
|---|---|---|---|
| 001 | v19\rc\1855323 | ||
| 005 | 20251118180453.0 | ||
| 035 | _a(NLR Aleph) 004986776 | ||
| 090 |
_a6242898 _c6242898 |
||
| 100 | _a20080221d1909 u y0rusy50 ca | ||
| 101 | 1 |
_arus _cfre |
|
| 102 | _aRU | ||
| 105 | _ay z |||a| | ||
| 200 | 1 |
_aДуся _d(Bijou) _eРоман _fЖип _zfre |
|
| 210 |
_a[Санкт-Петербург] _cтип. М.И. Акинфиева _d[1909] |
||
| 215 |
_a287 с. _d18 |
||
| 300 | _aНа тит. л. и обл.: В.Л.К. | ||
| 510 | 0 |
_a(Bijou) _zfre |
|
| 700 | 0 |
_7ca _8rus _aЖип _cпсевдоним _f1849-1932 _9252455 _3RU\NLR\AUTH\770252511 |
|
| 702 | 0 |
_aВ.Л.К. _4730 |
|
| 801 | 0 |
_aRU _bNLR _gpsbo |
|
| 801 | 0 |
_aRU _bRuMoRGB _2psbo |
|
| 801 | 1 |
_aRU _bProSoft-M _2rusmarc |
|
| 852 |
_aNLR _j38.33.7.11 |
||
| 852 |
_aNLR _j129/5663 |
||
| 899 |
_aRuMoRGB _jU 32/115 |
||
| 899 |
_aRuMoRGB _jU 2/955 |
||
| 942 | _cBOOK | ||
| 980 | _aNB | ||